The Russian educational system vs. the American system the comparative research; Лингвистические и культурологические традиции и инновации

Dettagli Bibliografici
Parent link:Лингвистические и культурологические традиции и инновации.— 2016.— [С. 80-82]
Autore principale: Мельник С. О.
Ente Autore: Национальный исследовательский Томский политехнический университет (ТПУ)
Riassunto:Заглавие с титульного экрана
If there is one question that I have been asked the most, it is this one - How do American and Russian schools compare? The answer is both simple and complicated at the same time. The simple answer: The Russian Educational System and theAmerican Systems are remarkably similar with some differences. I think that those who are aware of it and really care about this topic will probably agree that it is important to use the advantages of the each system to improve the educational system no matter where - in Russia or in the USA.
Lingua:inglese
Pubblicazione: 2016
Serie:Этногерменевтика и вопросы сибиреведения
Soggetti:
Accesso online:http://earchive.tpu.ru/handle/11683/37700
Natura: Elettronico Capitolo di libro
KOHA link:https://koha.lib.tpu.ru/cgi-bin/koha/opac-detail.pl?biblionumber=622411

MARC

LEADER 00000naa2a2200000 4500
001 622411
005 20231101133217.0
035 |a (RuTPU)RU\TPU\conf\21136 
035 |a RU\TPU\conf\21135 
090 |a 622411 
100 |a 20170329d2016 k y0rusy50 ba 
101 0 |a eng 
102 |a RU 
105 |a y z 101zy 
135 |a drgn ---uucaa 
181 0 |a i  
182 0 |a b 
200 1 |a The Russian educational system vs. the American system the comparative research  |f С. О. Мельник 
203 |a Текст  |c электронный 
225 1 |a Этногерменевтика и вопросы сибиреведения 
230 |a 1 компьютерный файл (pdf; 417 Кb) 
300 |a Заглавие с титульного экрана 
320 |a [Библиогр.: с. 82 (5 назв.)] 
330 |a If there is one question that I have been asked the most, it is this one - How do American and Russian schools compare? The answer is both simple and complicated at the same time. The simple answer: The Russian Educational System and theAmerican Systems are remarkably similar with some differences. I think that those who are aware of it and really care about this topic will probably agree that it is important to use the advantages of the each system to improve the educational system no matter where - in Russia or in the USA. 
463 0 |0 (RuTPU)RU\TPU\conf\21107  |t Лингвистические и культурологические традиции и инновации  |o тезисы докладов XVI Международной научно-практической конференции, Томск, 11-13 октября 2016 г.  |f Национальный исследовательский Томский политехнический университет (ТПУ) ; под ред. Ю. В. Кобенко ; К. А. Гирфановой  |v [С. 80-82]  |d 2016 
610 1 |a труды учёных ТПУ 
610 1 |a электронный ресурс 
610 1 |a российское образование 
610 1 |a сравнительные исследования 
610 1 |a американский язык 
610 1 |a вузы 
610 1 |a США 
700 1 |a Мельник  |b С. О. 
712 0 2 |a Национальный исследовательский Томский политехнический университет (ТПУ)  |c (2009- )  |2 stltpush  |3 (RuTPU)RU\TPU\col\15902 
801 2 |a RU  |b 63413507  |c 20170406  |g RCR 
856 4 |u http://earchive.tpu.ru/handle/11683/37700 
942 |c BK